1753 1924 1340 1539 1617 1926 1481 1637 1150 1691 1406 1868 1772 1953 1838 1657 1450 1216 1597 1393 1472 1063 1119 1258 1556 1176 1624 1744 1262 1258 1948 1690 1496 1186 1660 1306 1897 1085 1070 1285 1293 1589 1505 1313 1028 1867 1487 1372 1461 1076 1137 1252 1753 1050 1682 1450 1798 1894 1371 1069 1779 1374 1491 1250 1305 1072 1710 1477 1664 1286 1863 1321 1776 1963 1421 1546 1967 1466 1667 1410 1042 1414 1808 1215 1417 1817 1237 1941 1352 1160 1935 1973 1627 1359 1155 1264 1251 1951 1569 BCNSPRNW ULIB Ver.6.0+V

เปลี่ยนเป็นภาษาไทย

Change to English
 แสดงรายละเอียดบรรณานุกรม
  กลับหน้าหลัก

Brief Record : Get Marc (ISO 2709) : E-mail record : QR code < ปิดหน้าต่าง
LEADER : 00000nam 2200000uu 4500
001    13399107765
003     ULIB
008    110202s2553||||th 000 0 tha d
020    9789747423389
060  4 WY16^bว528ป 2553
100 0  วิจิตรา กุสุมภ์
245 00 ประเด็นและแนวโน้มวิชาชีพการพยาบาล =^bTrends & issue of nursing profession^cวิจิตรา กุสุมภ์ และคณะ
246 0  Trends & issue of nursing profession
250    พิมพ์ครั้งที่ 1
260    กรุงเทพฯ^bสหประชาพาณิชย์,^c2553
300    363 หน้า
650  7 การพยาบาล^xแนวโน้ม
650  7 วิชาชีพการพยาบาล
700 0  วิจิตรา กุสุมภ์
945    ^p250^l0^i029508
945    ^p250^l0^i029507
945    ^p250^l0^i029506
945    ^p250^l0^i028974
945    ^p250^l0^i028972
945    ^p250^l0^i028971
945    ^p250^l0^i029509
945    ^p250^l0^i028973
995    ทศพร
999 ^a ใช้งานได้ทุกระบบ
รายการนี้ยังไม่มีแท็ก
คุณยังไม่ได้ล็อกอิน คุณสามารถมีกิจกรรมร่วมกับเว็บไซต์ได้ แต่ต้องล็อกอินก่อน ::
  ล็อกอิน

รายการสื่อสารสนเทศ

ลำดับที่ ประเภท เลขเรียก/บาร์โค้ด สถานที่ สถานะ
1. วิทยาศาสตร์การแพทย์ และสุขภาพ
วิทยาศาสตร์การแพทย์ และสุขภาพ
WY16 ว528ป 2553 ฉ.1 
  Barcode: 028971
ห้องสมุดวิทยาเขตสวรรค์ประชารักษ์
►ส่วนจัดเก็บหนังสือเก่า สปร
บนชั้น
  ขอยืม
2. วิทยาศาสตร์การแพทย์ และสุขภาพ
วิทยาศาสตร์การแพทย์ และสุขภาพ
WY16 ว528ป 2553 ฉ.2 
  Barcode: 028972
ห้องสมุดวิทยาเขตสวรรค์ประชารักษ์
►ส่วนจัดเก็บหนังสือเก่า สปร
บนชั้น
  ขอยืม
3. วิทยาศาสตร์การแพทย์ และสุขภาพ
วิทยาศาสตร์การแพทย์ และสุขภาพ
WY16 ว528ป 2553 ฉ.3 
  Barcode: 028973
ห้องสมุดวิทยาเขตสวรรค์ประชารักษ์
►ส่วนจัดเก็บหนังสือเก่า สปร
บนชั้น
  ขอยืม
4. วิทยาศาสตร์การแพทย์ และสุขภาพ
วิทยาศาสตร์การแพทย์ และสุขภาพ
WY16 ว528ป 2553 ฉ.4 
  Barcode: 028974
ห้องสมุดวิทยาเขตสวรรค์ประชารักษ์
►ส่วนจัดเก็บหนังสือเก่า สปร
บนชั้น
  ขอยืม
5. วิทยาศาสตร์การแพทย์ และสุขภาพ
วิทยาศาสตร์การแพทย์ และสุขภาพ
WY16 ว528ป 2553 ฉ.5 
  Barcode: 029506
ห้องสมุดวิทยาเขตสวรรค์ประชารักษ์
►ส่วนจัดเก็บหนังสือเก่า สปร
บนชั้น
  ขอยืม
6. วิทยาศาสตร์การแพทย์ และสุขภาพ
วิทยาศาสตร์การแพทย์ และสุขภาพ
WY16 ว528ป 2553 ฉ.6 
  Barcode: 029507
ห้องสมุดวิทยาเขตสวรรค์ประชารักษ์
►ส่วนจัดเก็บหนังสือเก่า สปร
บนชั้น
  ขอยืม
7. วิทยาศาสตร์การแพทย์ และสุขภาพ
วิทยาศาสตร์การแพทย์ และสุขภาพ
WY16 ว528ป 2553 ฉ.7 
  Barcode: 029508
ห้องสมุดวิทยาเขตสวรรค์ประชารักษ์
►ส่วนจัดเก็บหนังสือเก่า สปร
บนชั้น
  ขอยืม
8. วิทยาศาสตร์การแพทย์ และสุขภาพ
วิทยาศาสตร์การแพทย์ และสุขภาพ
WY16 ว528ป 2553 ฉ.8 
  Barcode: 029509
ห้องสมุดวิทยาเขตสวรรค์ประชารักษ์
►ส่วนจัดเก็บหนังสือเก่า สปร
บนชั้น
  ขอยืม

รายการใกล้เคียง
    ผู้แต่ง [วิจิตรา กุสุมภ์]

    หัวเรื่อง [วิชาชีพการพยาบาล]

BibComment


ยังไม่เคยถูกคอมเมนท์

คอมเมนท์ทรัพยากรรายการนี้
  คอมเมนท์: ประเด็นและแนวโน้ม..


 Copyright 2026. Bcnsprnw @Library